000 00968cab a2200253 4500
001 ABS47431
008 090401t1992 xxu||||| |||| 00| 0 eng d
035 _a(Sirsi) u97562
041 _aeng
245 _aFocus`92 : M11 Corridor
260 _c1992
350 _a0
490 _aEstates Gazette
_v(9244) 7 November 1992, 71-101(15)
520 _aThis feature on the M11 Corridor assesses property prospects for the motorway`s hinterland and the London end of the motorway and looks at the impact Stansted Airport is having on surrounding areas such as Bishop`s Storford and Harlow. Concludes with a review of the office, retail and industrial markets in Cambridge and Peterborough.
650 _aAIRPORT DEVELOPMENT
650 _aCAMBRIDGE
650 _aM11 CORRIDOR
650 _aPETERBOROUGH
650 _aSTANSTEAD
650 _aSTRATFORD
690 _aPROPERTY-COMMERCIAL PROPERTY-COMMERCIAL PROPERTY MARKET
942 _n0
948 _c04/03/1997
999 _c59634
_d59634